1929 1632 1619 1633 1589 1089 1042 1137 1626 1914 1688 1535 1952 1284 1965 1116 1690 1866 1785 1237 1356 1648 1676 1248 1851 1453 1295 1791 1483 1207 1207 1341 1072 1205 1705 1229 1768 1459 1662 1746 1868 1051 1187 1410 1918 1117 1942 1020 1665 1871 1669 1430 1978 1881 1595 1151 1826 1627 1045 1682 1654 1086 1258 1610 1334 1292 1580 1439 1610 1195 1946 1669 1550 1784 1332 1558 1265 1582 1753 1446 1671 1088 1460 1808 1847 1275 1350 1564 1239 1497 1814 1557 1700 1602 1331 1539 1787 1252 1155 BCNSPRNW ULIB Ver.6.0+V

เปลี่ยนเป็นภาษาไทย

Change to English
 แสดงรายละเอียดบรรณานุกรม
  กลับหน้าหลัก

Brief Record : Get Marc (ISO 2709) : E-mail record : QR code < ปิดหน้าต่าง
LEADER : 00000nam 2200000uu 4500
001    13399124357
003     ULIB
008    150524s2014||||th 000 0 tha d
020    ^a1451145993 (hardcover)
020    ^a9781451145991 (hardcover)
060  4 QZ4^bP851
100 1  ^aGrossman, Sheila.
245 10 ^aPorth^'s pathophysiology : ^bconcepts of altered health states / ^cSheila Grossman.
250    ^a9th revised international ed.
260    ^a[S.l.] : ^bLippincott Williams and Wilkins, ^c2014.
300    ^a1648 p. ; ^c28 cm.
520    ^aSucceed in your pathophysiology text with this 9th edition of Porth^'s Pathophysiology: Concepts of Altered Health States. Captivating and easy-to understand, this proven book provides comprehensive, nursing-focused coverage designed to help you grasp both the physical and psychological aspects of altered health. You can master the most clinically relevant and difficult to understand disorders with advanced 3D narrated animations. You can prepare for clinical practice with 14 unit-opening case studies that put a real face on pathophysiology and help you relate the clinical presentation to the underlying pathophysiology. You can master the information you need for success in your career with the unparalleled coverage of disease processes that make this text the most comprehensive pathophysiology text available. You can increase your understanding of key concepts with the full-color art program that illustrates the clinical manifestations of diseases and disease processes. You can find the information you need fast with the book^'s consistent presentation of each disease, with detailed coverage of pathophysiology, clinical manifestations, and evaluation and treatment. You can reinforce your understanding of key content with chapter-ending review exercises. You can develop a strong understanding of pathophysiology concepts with the easy-to-follow narrative that builds concepts on one another, defines words as content is presented, and reviews concepts from physiology, biochemistry, physics, and other sciences along the way. You can deepen your understanding by pausing and reviewing salient points using the easily-identified section-opening Objectives and section-ending Summaries. You can retain and apply text information using Key Concepts Boxes help you incorporate key information into a larger conceptual unit, rather than memorizing a string of related and unrelated facts. You can easily access useful references including lists of common suffixes and prefixes, normal laboratory values in both conventional and SI units, and a comprehensive glossary. You can take your understanding beyond the book with anytime, anywhere access to the fully searchable eBook online.
650  2 Disease
650  2 Nurses’ Instruction
650  2 Pathologic Processes
700 0  Grossman, Sheila
700 0  Porth, Carol
945    ^p0^l0^i039480
999    ^aเกษร โพธิ์สุวรรณ
รายการนี้ยังไม่มีแท็ก
คุณยังไม่ได้ล็อกอิน คุณสามารถมีกิจกรรมร่วมกับเว็บไซต์ได้ แต่ต้องล็อกอินก่อน ::
  ล็อกอิน

รายการสื่อสารสนเทศ

ลำดับที่ ประเภท เลขเรียก/บาร์โค้ด สถานที่ สถานะ
1. วิทยาศาสตร์การแพทย์ และสุขภาพ
วิทยาศาสตร์การแพทย์ และสุขภาพ
QZ4 P851 ฉ.1 
  Barcode: 039480
ห้องสมุดวิทยาเขตสวรรค์ประชารักษ์
►หนังสือทั่วไป
บนชั้น

รายการใกล้เคียง
    หัวเรื่อง [Disease]
    หัวเรื่อง [Pathologic Processes]

BibComment


ยังไม่เคยถูกคอมเมนท์

คอมเมนท์ทรัพยากรรายการนี้
  คอมเมนท์: Porths pathophys..


 Copyright 2026. Bcnsprnw @Library